000 00477nam a2200181Ia 4500
005 20250423094355.0
008 250422s9999 xx 000 0 und d
020 _a9781559716680
050 _aTR 729. W54 .K73/
100 _aKrasemann, Stephen J.
245 0 _aAfrican wildlife
260 _aMinnetonka
260 _bNorthWord Press
260 _c1998
300 _a159 p
650 _a Wildlife photography--Africa. Animals--Africa--Pictorial works.
942 _cBK
999 _c27048
_d27048